La guerra europea (Record no. 63219)

MARC details
000 -LEADER
campo de control de longitud fija 00449nam a2200169 i 4500
001 - NÚMERO DE CONTROL
campo de control 63219
003 - IDENTIFICADOR DE NÚMERO DE CONTROL
campo de control ES-MaACL
005 - FECHA Y HORA DE LA ÚLTIMA TRANSACCIÓN
campo de control 20230906164817.0
007 - CAMPO FIJO DE DESCRIPCIÓN FÍSICA--INFORMACIÓN GENERAL
campo de control de longitud fija t|
008 - DATOS DE LONGITUD FIJA--INFORMACIÓN GENERAL
campo de control de longitud fija 031203s1916 sp ||||1| spa d
100 1# - ENTRADA PRINCIPAL--NOMBRE DE PERSONA
Nombre de persona Ferrara, Orestes.
9 (RLIN) 50298
245 13 - MENCIÓN DEL TÍTULO
Título La guerra europea
Resto del título : causas y pretextos /
Mención de responsabilidad, etc. Orestes Ferrara.
250 ## - MENCION DE EDICION
Mención de edición 3ª ed.
260 ## - PUBLICACIÓN, DISTRIBUCIÓN, ETC.
Lugar de publicación, distribución, etc. Madrid :
Nombre del editor, distribuidor, etc. [Juan Pueyo,
Fecha de publicación, distribución, etc. 1916]
300 ## - DESCRIPCIÓN FÍSICA
Extensión 328 p. ;
Dimensiones 19 cm.
852 ## - LOCALIZACIÓN
Ubicación ES-MaACL
Número de control de estantería F-4643
Holdings
Estatus retirado Estado de pérdida Estado de daño No para préstamo Biblioteca de origen Biblioteca actual Ubicación en estantería Fecha de adquisición Fuente de adquisición Total de préstamos Signatura topográfica completa Código de barras Visto por última vez Precio de reemplazo Tipo de ítem Koha
        Biblioteca del Ateneo de Madrid Biblioteca del Ateneo de Madrid Depósito 2 17/01/2008     F-4643 1066269 23/02/2023 23/02/2023 Libro impreso